Rzeczowniki na literę Ś - Statystyki

Ogólne statystyki
  • Ten quiz został rozwiązany 69 razy
  • Średni wynik to 35 z 58
Statystyki odpowiedzi
Odpowiedź % Poprawnych
śnieg
92%
śruba
88%
świat
88%
świat
88%
świnia
88%
środa
84%
ślad
82%
ślimak
82%
świt
82%
ściana
80%
śluz
80%
świst
80%
ślina
78%
światło
78%
ścierka
76%
ślub
76%
śmieć
76%
śledź
74%
świeca
74%
ślizg
72%
śmiech
72%
śpioch
72%
ślepota
68%
środek
68%
świstak
68%
śliwka
66%
śmietana
66%
śniadanie
66%
święto
66%
śpiew
64%
świadek
64%
śmigło
62%
średnik
62%
śrubokręt
62%
ściąga
60%
śnieżka
58%
świerszcz
58%
ścieżka
56%
śmietnik
56%
śpiwór
54%
środowisko
54%
świadectwo
54%
ścięgno
52%
średnica
52%
śmiałość
50%
ściek
48%
świeżość
48%
świr
48%
świetlica
46%
śmierć
40%
śnieżyca
40%
śmiałek
34%
świadomość
28%
ślusarz
10%
śledztwo
8%
średniowiecze
8%
światłowód
8%
śpiączka
6%
Nie znaleziono quizów pasujących do podanych kryteriów
Rozkład punktacji
Procent ludzi z każdym wynikiem
Percentyl według liczby udzielonych odpowiedzi
Twoja historia wyników
Nie rozwiązałeś tego quizu